Welcome to the Holygrace Academy Library

Please use search bar below to get started

P.BHASKARAN (Record no. 5522)

MARC details
000 -LEADER
fixed length control field 00328nam a22001457a 4500
020 ## - INTERNATIONAL STANDARD BOOK NUMBER
ISBN 78-81-763-80591
082 ## - DEWEY DECIMAL CLASSIFICATION NUMBER
Classification number 894.812
Item number LAL/B
100 ## - MAIN ENTRY--AUTHOR NAME
Personal name LAL, SOHAN
245 ## - TITLE STATEMENT
Title P.BHASKARAN
260 ## - PUBLICATION, DISTRIBUTION, ETC. (IMPRINT)
Place of publication THIRUVANANTHAPURAM
Name of publisher THE STATE INSTITUTE OF LANGUAGES
Year of publication 2011
300 ## - PHYSICAL DESCRIPTION
Number of Pages 40
520 ## - SUMMARY, ETC.
Summary, etc NOVEL
650 ## - SUBJECT ADDED ENTRY--TOPICAL TERM
Topical Term NOVEL
942 ## - ADDED ENTRY ELEMENTS (KOHA)
Koha item type Books
Holdings
Withdrawn status Lost status Collection code Home library Current library Shelving location Date acquired Source of acquisition Cost, normal purchase price Full call number Accession Number Koha item type
    Fiction Main Library Main Library SHELF-16L- MALAYALAM BIOGRAPHY,STUDIES/CRITICISM 05/02/2020 Purchase 40.00 894.812 LAL/B 12422 Books